E-learning and the Continuing Education at the Technical University of Liberec

Bibliographic Details
Main Authors: Dvořáková, Eva (Author), Vild, Jaroslav (Author)
Format: Article
Language:English

MARC

LEADER 00000naa a2200000uu 4500
001 vtls010963230
003 SK-MaSNL
005 20260302112618.0
008 210907|2006 xo |||||||||||||||||eng|
015 |a SNBRA 
035 |a (urnnbn)urn:nbn:sk:snk:ar-a0btnh 
035 |a (uuid)69d03874-c77d-459f-bf61-3b6838d8c925 
035 |a urn:nbn:sk:snk-aaul5u 
040 |a SNKBUCL  |b slo  |c SNKBUCL  |e AACR2 
041 0 |a eng 
044 |a xo  |c SK 
100 1 |a Dvořáková, Eva  |4 aut  |9 456774 
245 1 0 |a E-learning and the Continuing Education at the Technical University of Liberec  |c Eva Dvořáková, Jaroslav Vild 
700 1 |a Vild, Jaroslav  |4 aut  |9 454188 
773 0 |t Celoživotné vzdelávanie na Slovensku a v Českej republike  |d V Bratislave : Slovenská technická univerzita, 2006  |g S. 31-36  |z 8022723746 
958 |a OND 
958 |a article11 
958 |a chapter 
999 |c 1252607  |d 1254537